| 000 | 00463nam a22001457a 4500 | ||
|---|---|---|---|
| 082 | _aT-276 | ||
| 100 |
_aSheikh Muhammad Usman _936200 |
||
| 245 | _aAnalysis of Factors Affecting Injury Severity of Pedestrian Crashes Using Random Parameters Logit Model | ||
| 260 |
_aRisalpur, _bMCE, _c2020. |
||
| 300 | _a72 pages. | ||
| 526 |
_a0 _b0 _c0 _dT_276 |
||
| 650 |
_aTransportation Engineering _9854 |
||
| 700 |
_aSupervisor Dr Anwar Ahmad _936201 |
||
| 942 |
_2ddc _cBK |
||
| 999 |
_c554457 _d554457 |
||